[Event "Wuerttemberg-ch KT"]
[Site "Stuttgart"]
[Date "2016.09.04"]
[Round "9"]
[White "Handel, Heinz"]
[Black "Mayer, Dietmar"]
[Result "1-0"]
[WhiteElo "1661"]
[BlackElo "1668"]
[PlyCount "187"]
[EventDate "2016.08.27"]
[EventType "swiss"]
[EventRounds "9"]
[EventCountry "GER"]
[SourceTitle "EXT 2017"]
[Source "ChessBase"]
[SourceDate "2016.10.25"]
[SourceVersion "1"]
[SourceVersionDate "2016.10.25"]
[SourceQuality "1"]

1. d4 Nf6 2. Nf3 c5 3. Bf4 b6 4. c3 Bb7 5. Nbd2 g6 6. g3 Nd5 7. Bxb8 Rxb8 8. Bg2 Bg7 9. e4 Nf6 10. e5 Nd5 11. 0-0 0-0 12. Re1 cxd4 13. cxd4 Rc8 14. a3 Qc7 15. Rc1 Qb8 16. Nb3 Rxc1 17. Qxc1 Rc8 18. Qd2 Rc4 19. Rc1 Qc8 20. Bf1 Rxc1 21. Qxc1 Qxc1 22. Nxc1 Bh6 23. Nb3 Nb4 24. Ne1 Bd5 25. Na1 Bc1 26. axb4 Bxb2 27. Nac2 a5 28. bxa5 bxa5 29. Nd3 Bc3 30. Nc5 d6 31. exd6 exd6 32. Nd7 Bb3 33. Bd3 Bxc2 34. Bxc2 Bxd4 35. Nb8 Kf8 36. Kf1 Bc3 37. Ke2 Kg7 38. f3 Kf6 39. Kd3 Be1 40. Nc6 h5 41. Ke2 Bc3 42. h3 Ke6 43. Bb3+ Kd7 44. Ba4 Ke6 45. Kd3 Be1 46. g4 hxg4 47. hxg4 f5 48. gxf5+ Kxf5 49. Kd4 Kf4 50. Bd1 g5 51. Kd5 a4 52. Nd4 Bc3 53. Ne6+ Kf5 54. Bxa4 g4 55. Bc2+ Kf6 56. fxg4 Be5 57. g5+ Ke7 58. g6 Ke8 59. g7 Bxg7 60. Nxg7+ Kd7 61. Ba4+ Ke7 62. Nf5+ Kf6 63. Bc2 Kg5 64. Nxd6 Kf4 65. Kd4 Kf3 66. Nf5 Ke2 67. Be4 Kd2 68. Ng3 Kc1 69. Kc3 Kd1 70. Bf3+ Ke1 71. Ne4 Kf1 72. Kd2 Kg1 73. Bg4 Kh2 74. Ke2 Kg2 75. Ke3 Kf1 76. Kd2 Kg1 77. Ke2 Kg2 78. Bf3+ Kh3 79. Nf6 Kg3 80. Ke3 Kh4 81. Kf4 Kh3 82. Ng4 Kh4 83. Ne3 Kh3 84. Nf1 Kh4 85. Ne3 Kh3 86. Nf5 Kh2 87. Ke3 Kg1 88. Ke2 Kh2 89. Kf1 Kh3 90. Kf2 Kh2 91. Bg4 Kh1 92. Ng3+ Kh2 93. Nf1+ Kh1 94. Bf3# 1-0

[Event "Wuerttemberg-ch KT"]
[Site "Stuttgart"]
[Date "2016.08.28"]
[Round "2"]
[White "Loewe, Joachim"]
[Black "Handel, Heinz"]
[Result "1-0"]
[WhiteElo "1886"]
[BlackElo "1661"]
[PlyCount "69"]
[EventDate "2016.08.27"]
[EventType "swiss"]
[EventRounds "9"]
[EventCountry "GER"]
[SourceTitle "EXT 2017"]
[Source "ChessBase"]
[SourceDate "2016.10.25"]
[SourceVersion "1"]
[SourceVersionDate "2016.10.25"]
[SourceQuality "1"]

1. e4 e5 2. Nf3 d6 3. Bc4 h6 4. 0-0 Nf6 5. Re1 Nbd7 6. a4 a5 7. d4 c6 8. dxe5 dxe5 9. h3 Be7 10. Nc3 0-0 11. Be3 Bb4 12. Nd2 Bxc3 13. bxc3 b6 14. Qe2 Bb7 15. Red1 c5 16. f3 Qe7 17. Bb5 Nb8 18. Nc4 Nfd7 19. Rd6 Ba6 20. Bxa6 Rxa6 21. Rad1 f6 22. Qd3 Rd8 23. Nxb6 Kf7 24. Qd5+ Kf8 25. Nxd7+ Rxd7 26. Rxd7 Nxd7 27. Qxd7 Qxd7 28. Rxd7 Rc6 29. c4 Kg8 30. Ra7 Rb6 31. Bxc5 Rb1+ 32. Kh2 Rc1 33. Bg1 Rxc2 34. c5 Kh7 35. Rxa5 1-0